| 000 | 00692nam a2200229 i 4500 | ||
|---|---|---|---|
| 001 | 59756 | ||
| 003 | ES-MaACL | ||
| 005 | 20230906164108.0 | ||
| 007 | t| | ||
| 008 | 031030s1981 sp ||||1| spa d | ||
| 100 | 1 |
_aEnrique, Antonio. _947265 |
|
| 245 | 1 | 3 |
_aLa ciudad de las cúpulas _b: (la nostalgia en Úbeda) / _cAntonio Enrique. |
| 250 | _a1ª ed. | ||
| 260 |
_aMelilla : _bAyuntamiento de Melilla, _c1981. |
||
| 300 |
_a50 p. , [4] h. ; _c21 cm. |
||
| 490 | 1 |
_aRusadir ; _v5 |
|
| 710 | 1 |
_aMelilla. _bAyuntamiento. _95680 |
|
| 830 | 0 |
_aRusadir ; _v5 _9180773 |
|
| 852 |
_aES-MaACL _j2123-F-17 _bR.104696 |
||
| 852 |
_aES-MaACL _jE-15324 _xOlim P-1802 |
||
| 999 |
_c59756 _d59756 |
||